000 02177nam a22002657a 4500
003 AR-FvUNAJ
005 20250313141329.0
007 cr
008 250225b ||||| |||| 00| 0 eng d
020 _a9781098145323
040 _aAR-FvUNAJ
041 _aeng
100 1 _921273
_aMitchell, Ryan
245 1 0 _aWeb Scraping with Python :
_bdata extraction from the moderm web /
_cRyan Mitchell
250 _a3a.ed.
260 _aSebastopol, CA :
_bO'Reilly Media,
_c2024.
300 _axv, 334 p.
500 _aDescargar, imprimir, guardar y enviar por correo electrónico páginas ilimitadas Descarga completa del libro electrónico. Debe tener instalado Adobe Digital Editions para leer el eBook.
520 _aIf programming is magic, then web scraping is surely a form of wizardry. By writing a simple automated program, you can query web servers, request data, and parse it to extract the information you need. This thoroughly updated third edition not only introduces you to web scraping but also serves as a comprehensive guide to scraping almost every type of data from the modern web.Part I focuses on web scraping mechanics: using Python to request information from a web server, performing basic handling of the server's response, and interacting with sites in an automated fashion. Part II explores a variety of more specific tools and applications to fit any web scraping scenario you're likely to encounter.Parse complicated HTML pagesDevelop crawlers with the Scrapy frameworkLearn methods to store the data you scrapeRead and extract data from documentsClean and normalize badly formatted dataRead and write natural languagesCrawl through forms and loginsScrape JavaScript and crawl through APIsUse and write image-to-text softwareAvoid scraping traps and bot blockersUse scrapers to test your website
650 0 _99478
_aMINERIA DE DATOS
650 0 _9886
_aPYTHON (Lenguaje de Programación)
856 _zIngresa con la contraseña de EBSCO
_uhttps://research.ebsco.com/c/6n4nn2/search/details/v7mkmihpav?db=nlebk&limiters=None&q=Web%20Scraping%20with%20Python
942 _2ddc
_cLIBRO DIGI
980 _62
_aVirginia Figueroa
_82
_gVirginia Figueroa
999 _c10749
_d10749